000 01239nam a2200265 a 4500
001 BRCA_1321
005 20190320203356.0
008 900103s1990 nyua---##b---#001-0#eng-#
020 _a0810911825
050 4 _aNK844
_b.O35 1990
100 1 _aOettinger, Marion
_94324
245 1 0 _aFolk Treasures of Mexico
_bthe Nelson A. Rockefeller Collection
_cby Marion Oettinger, Jr. ; foreword by Nelson A. Rockefeller ; preface by Ann Rockefeller Roberts ; introduction by Avon Neal ; commentaries on the plates by Annie O´Neill ; plate photographs by Lee Boltin and John Dyer.
260 _aNueva York
_bHarry N. Abrams
_c1990
300 _a223 p
_bil (algunas a color)
_c29 cm.
500 _aCatálogo de la exposición realizada en San Antonio Museum of Art and the Mexican Museum, San Francisco
500 _aIncluye índice alfabético
504 _aBibliografía : p. 211-214
600 1 4 _aRockefeller, Nelson A.
_d1908-1979
_q(Nelson Aldrich)
_xColecciones de arte
_94325
650 1 4 _aArte popular
_zMéxico
_9882
650 1 4 _aArte popular
_xColecciones privadas
_zNueva York (Estados Unidos)
_94326
700 1 _aA. Rokefeller, Nelson
_94327
700 1 _aRokefeller Roberts, Ann
_94328
700 1 _aNeal, Avon
_94329
942 _2lcc
_cB
999 _c1185
_d1185